Modern electrochemistry

Saved in:
Bibliografiske detaljer
Main Authors: Bockris, John O' M (Author), Reddy, Amulya K (Author), Gamboa-Aldeco, Maria (Author)
Format: Bog
Sprog:engelsk
Udgivet: Nueva York Plenum 2000
Udgivelse:2a. ed
Fag:
Tags: Tilføj Tag
Ingen Tags, Vær først til at tagge denne postø!

MARC

LEADER 00000nam a2200000 a 4500
001 UCM0751
003 CL-VaPUC
008 020308e20000000US |||||||||||||||||eng|d
082 0 4 |a 541.37  |b BOC  |2 21 
100 0 |a Bockris, John O' M  |e author  |9 467708 
700 0 |a Reddy, Amulya K  |e author  |9 467709 
700 0 |a Gamboa-Aldeco, Maria  |e author  |9 467710 
245 1 0 |a Modern electrochemistry 
250 |a 2a. ed 
300 |a v 
942 |c BK 
945 |d 20020308 00:00:00  |a cmena 
260 |a Nueva York  |b Plenum  |c 2000 
500 |a v.2A: Fundamentals of electrodics 
500 |a v.2B: Electrodics in chemistry, engineering, biolgy, and environmental science 
650 0 |a Electroquímica  |9 263973 
650 0 |a Electricidad  |9 260222 
650 0 |a Termodinámica   |9 259320 
650 0 |a Propiedades eléctricas   |9 271909 
650 7 |a IONES  |2 CL-VaPUC  |9 337399 
650 7 |a PARTICULAS CARGADAS  |2 CL-VaPUC  |9 467711 
650 7 |a PROTONES  |2 CL-VaPUC  |9 360486 
583 |a last modification  |c 20020308 00:00:00  |k Rodrigo Vera 
999 |c 299585  |d 299583 
952 |0 0  |1 0  |4 0  |6 541_370000000000000_BOC_2000  |7 0  |8 A  |9 356286  |a BIBCUR  |b BIBCUR  |d 2019-11-21  |h v.2A  |i 3795683  |l 1  |o 541.37 BOC 2000  |p 3795683  |r 2025-04-22  |s 2022-04-25  |w 2019-11-21  |y BK  |k QUI 
952 |0 0  |1 0  |4 0  |6 541_370000000000000_BOC_2000  |7 0  |8 A  |9 356287  |a BIBCUR  |b BIBCUR  |d 2019-11-21  |h v.2A  |i 3795691  |l 3  |o 541.37 BOC 2000  |p 3795691  |r 2025-04-22  |s 2020-12-04  |w 2019-11-21  |y BK  |k QUI 
952 |0 0  |1 0  |2 ddc  |4 0  |6 541_370000000000000_BOC_2000  |7 0  |8 A  |9 356288  |a BIBCUR  |b BIBCUR  |d 2019-11-21  |h v.2B  |i 3795705  |l 4  |o 541.37 BOC 2000  |p 3795705  |r 2025-04-22  |s 2020-12-04  |w 2019-11-21  |y BK  |k QUI 
952 |0 0  |1 0  |4 0  |6 541_370000000000000_BOC_2000  |7 0  |8 A  |9 356289  |a BIBCUR  |b BIBCUR  |d 2019-11-21  |h v.2B  |i 3795713  |o 541.37 BOC 2000  |p 3795713  |r 2025-04-22  |w 2019-11-21  |y BK  |k QUI